| Tag |
First Indicator |
Second Indicator |
Subfields |
| LEADER |
00000cam a2200000 4500 |
| 001 |
in00000058494 |
| 005 |
20151007082319.0 |
| 008 |
750318s1945 eng u |
| 010 |
|
|
|a a 47003288
|
| 035 |
|
|
|a (OCoLC)01222095
|
| 035 |
|
|
|9 AAF7691AM
|
| 040 |
|
|
|c ICU
|d TXA
|d UtOrBLW
|
| 049 |
|
|
|a TXAM
|c [153425]
|
| 050 |
0 |
0 |
|a E185.8
|b .D4
|
| 082 |
0 |
|
|a 325.260973
|
| 092 |
|
|
|a 325.26
|b D384c
|
| 100 |
1 |
|
|a De Mond, Albert Lawrence,
|d 1903-
|
| 245 |
1 |
0 |
|a Certain aspects of the economic development of the American Negro, 1865-1900 /
|c by Albert Lawrence De Mond.
|
| 264 |
|
1 |
|a Washington, D. C. :
|b The Catholic university of America press,
|c 1945.
|
| 300 |
|
|
|a xii, 187 pages including tables. ;
|c 23 cm.
|
| 336 |
|
|
|a text
|b txt
|2 rdacontent
|
| 337 |
|
|
|a unmediated
|b n
|2 rdamedia
|
| 338 |
|
|
|a volume
|b nc
|2 rdacarrier
|
| 490 |
1 |
|
|a The Catholic university of America. Studies in economics,
|v v. 18
|
| 502 |
|
|
|b PH.D
|c Catholic university of America
|d 1945.
|
| 504 |
|
|
|a Bibliography: pages 163-183.
|
| 650 |
|
0 |
|a African Americans
|x Economic conditions.
|
| 830 |
|
0 |
|a Studies in economics (Catholic University of America) ;
|v v. 18.
|
| 999 |
|
|
|a MARS
|
| 999 |
f |
f |
|s f3d33d44-0a02-3961-bb63-566b75474f00
|i 525f1c4f-b737-38ce-bb6e-b5cb293bd142
|t 0
|
| 952 |
f |
f |
|p ric
|a Texas A&M University
|b Rellis Campus
|c Joint Library Facility
|d Remote Storage
|t 0
|e E185.8 .D4
|h Library of Congress classification
|i unmediated -- volume
|m A14800669479
|
| 998 |
f |
f |
|a E185.8 .D4
|t 0
|l Remote Storage
|